02432agaaa2200325 45000010005000000030009000050050017000140070009000310080040000400400023000800410013001031000055001161300045001712450232002162500022004482600135004703000034006055080175006395110086008145200644009005380016015445460013015606500063015737000067016367000069017037000064017729420012018369990019018489520239018671505IT-RoPAU20220918181240.0d cvaizq50131s9999||||xx ||| | || ||und|| aIT-RoPAUcIT-RoPAU aITALIANO aDamiani DamianogCodice regista SPICS: 7592941060 aSORRISO DEL GRANDE TENTATORE (IL)945033 aSORRISO DEL GRANDE TENTATORE (IL)cProdotto da: Nohra Anis -- Sceneggiatura: Damiani Damiano Onofrio Fabrizio Nohra Audrey -- Diretto da: Damiani DamianopSORRISO DEL GRANDE TENTATORE (IL) (Rif. Codice opera principale : 21505) aEdizione Standard aROMA - LONDON (ITALIA-INGHILTE)bEURO INT. FILMS - LIFEGUARD / Distribuzione: RAIg"1974 (1° ed.: 1983 ; Ed. Lingua Orig.: 1974)" aVHSbsonoro, col.c116 minuti a"Fotografia: Vulpiani Mario; Montaggio: Taylor Peter; Musica: Morricone Ennio; Sceneggiatura: Damiani Damiano Onofrio Fabrizio Nohra Audrey; Scenografia: Turco Umberto; " a"Jackson Glenda; Cassinelli Claudio; Harrow Lisa; Celi Adolfo; Del; Prete Duilio" aLA VICENDA SI SVOLGE IN UN CONVENTO RELIGIOSO ROMANO AI NOSTRI GIORNI LO SCRITTORE ROBERTO SOLINA E' STATO INVIATO DA MONS BADENSKI, POLACCO, A SCRIVERE UN LIBRO CHE SERVA A DISCOLPARE L'ECCLESIASTICO DI FRONTE AI SUOI SUPERIORI NEL CONVENTO VIVONO PERSONE LI' CONFINATE DALL'AUTORITA' DELLA CHIESA:PRETE OPERAIO CHE HA PRESO PARTE AGLI SCIOPERI CON GLI OPERAI VESCOVO CUBANO CHE HA APPOGGIATO FIDEL CASTRO MONS. BADESKI ACCUSATO DI AVER PARTEGGIATO PER I TEDESCHI NAZISTI PRINCIPE OTTAVIO RANIERI DI ARAGONA CHE HA UNA RELAZIONE INCESTUOSA CON LA SORELLA ALESSANDRA TEMA DEL POTERE DELLA CHIESA SULLE COSCIENZE E SULLE ANIME FILM A COLORI aPAL, STEREO aITALIANO aDRAMMATICOeFILMS [VHS]xCodice MATERIA SPICS: 9960934083 aDamiani Damiano e(regista)gCodice regista SPICS: 7592941060 aDamiani Damiano e(soggetto)gCodice Soggetto SPICS: 7592945034 aMorricone Ennioe(musica)gCodice Musica SPICS: 3535945035 cVH2ddc c106085d106085 001040621505_00000000000000071aSPICSbSPICSd2015-01-31l0o21505r2015-01-31 00:00:00w2015-01-31yVHzProgr. Ins.: 1301 / N.Vol.:1 / Copie: 1 / Pag.: / Copia rara: n.d. / date import: 1.2.2015 / By Epidotti, Trombetti, Vaglietti